every NBA teams best season #1 - Statistics

General Stats
  • This quiz has been taken 15 times
  • The average score is 8 of 15
Answer Stats
Hint Answer % Correct
Boston Celtics 1973
87%
Chicago Bulls 1996
87%
Golden State Warriors 2016
87%
Detroit Pistons 2006
73%
Denver Nuggets 2024
67%
Cleveland Cavaliers 2009
60%
Houston Rockets 2018
60%
Atlanta Hawks 2015
53%
Brooklyn Nets 2021
53%
Dallas Mavericks 2007
53%
Charlotte Hornets 1997
47%
Indiana Pacers 2004
40%
Memphis Grizzlies 2022
40%
Los Angels Clippers 2014
13%
Los Angels Lakers 1972
13%
No matching quizzes found
Score Distribution
Percent of People with Each Score
Percentile by Number Answered
Your Score History
You have not taken this quiz